000 01114nam a2200313 i 4500
001 bgj
100 1 _aDEFOE, Daniel
_d(1661?-1731).
245 1 0 _aThe Life and Strange Surprizing Adventures of Robinson Crusoe, of York, Mariner /
_cDaniel Defoe ; edited and with introduction by J. Donald Crowley.
250 _a[Repr.].
260 _aOxford ;
_aNew York :
_bOxford University Press,
_c1990.
300 _aXXXIII, 316 pp :
_bmap ;
_c19 cm.
490 1 _aThe World's Classics
500 _aReprint to the 1st World's Classics paperback edition of 1983.
504 _aBibliography p. XXVII-XXVIII.
505 _aIncludes note on the text, a chronology of the author and a map of the world.
650 9 _aSurvival after airplane accidents, shipwrecks etc.
650 9 _aCastaways
650 9 _aIslands
650 9 _aAdventure fiction
655 _aFiction
700 1 _aCROWLEY, J. Donald.
_eed.
830 _aThe World's Classics
020 _a0192815555 (pbk)
040 _cBPK
041 _aeng
920 _a0-19-281555-5 (pbk)
942 _cKS
008 s uk f |000 0 eng
999 _c49310
_d49310